01665cam a22004214i 4500003000900000005001700009008004100026020001500067035002700082040003300109082002100142245007800163264005800241300003800299336002100337337002500358338002300383490005200406504004000458505042200498526001000920526001000930526001000940526001000950526000800960526000800968526000800976526000800984526000800992526000801000526000801008630005101016650004201067650002901109650004601138651003101184700002801215PE-LiUPU20250731173552.0150616s r 000 0 d a1883053242 a(Sirsi) i9781883053246 aPE-LiUPUbspacPE-LiUPUerda04a200.956bR7622100aReligion and politics in the ancient near east /cedited by Adele Berlin. 1aBethesda, MD. :bUniversity Press of Maryland,c1996. a150 páginas ;c24 centímetros atext2rdacontent aunmediated2rdamedia avolume2rdacarrier0 aStudies and texts in Jewish history and culture aBibliografía al pie de páginas.0 aThe sun, the moon, and the city of Ur.- Some reflections on Mesopotamian witchcraft.- State Gods and private religion in the near east in the first millennium BCE.- Biblical literature as politics: the case of Samuel.- Men as angels: The self-image of the Qumram community.- Rabbis and public prayers for rain in later roman Palestine.- In the Blinking of an eye: the christianizing of classical cities in the levant. aSEG42 aSEG41 aSEG40 aSEG39 aP94 aP87 aP86 aP85 aP77 aP76 aP35 aBiblia.pA.T.xCritica, interpretación, etc.04aJudaísmoxHistoriayHasta el 70 dC.04aPolítica en la Biblia.04aReligión y políticazOriente Cercano. aOriente CercanoxReligion.1 aBerlin, Adele,eeditor.